| 000 | 01002cam a2200265 a 4500 | ||
|---|---|---|---|
| 003 | OSt | ||
| 005 | 20240530110417.0 | ||
| 008 | 080124s2008 ua f bd 000 0 eng | ||
| 020 | _a9789774162374 | ||
| 035 | _a(OCoLC)ocn191865281 | ||
| 035 | _a(OCoLC)191865281 | ||
| 040 |
_aEG-CaGPL _cEG-CaGPL |
||
| 082 | 0 | 4 |
_221 _a281.7203\ _bG H |
| 100 | 1 | _aGabra, Gawdat. | |
| 245 | 1 | 0 |
_aHistorical dictionary of the Coptic Church / _cGawdat Gabra ; with contributions by Birger A. Pearson, Mark N. Swanson, and Youhanna Nessim Youssef. |
| 260 |
_acairo : _bthe american university in cairo, _c2008. |
||
| 300 |
_axxii, 332 p. ; _c23 cm. |
||
| 504 | _aIncludes bibliographical references (p. 273-330). | ||
| 610 | 2 | 0 |
_aCoptic Church _xHistory _vDictionaries. |
| 700 | 1 |
_aPearson, Birger A. _q(Birger Albert), _d1934- |
|
| 700 | 1 |
_aSwanson, Mark _q(Mark N.) |
|
| 700 | 1 | _aYoussef, Youhanna Nessim. | |
| 856 | 4 | 1 |
_3Table of contents only _uhttp://www.loc.gov/catdir/toc/ecip0810/2008003511.html |
| 942 |
_2ddc _cBK |
||
| 999 |
_c60586 _d60586 |
||